000 00683nam a22001937a 4500
005 20100816142120.0
010 _aENG-100670
020 _a9789380024240
_c200.00
035 _aEN-84203
037 _bDABD/PUB
082 _a813.08
100 _aRamachandran,K.
_914017
245 _aThe Novels of norman mailer /
_cby Ramachandran, K.
260 _aErode
_bPallavi Pathippagam S. India
_c2008
270 _a194, Kanna complex, Methur Road
_bErode
_e11
300 _a118p.
_c20cm (pbk)
942 _2ddc
_cEN
_h813.08
_mRAM
999 _c42149
_d42149